Kayikapravardhanam / (Record no. 9993)
[ view plain ]
| 000 -LEADER | |
|---|---|
| fixed length control field | 00541cam a2200217ua 4500 |
| 041 ## - LANGUAGE CODE | |
| Language code of text/sound track or separate title | mal |
| 082 ## - DEWEY DECIMAL CLASSIFICATION NUMBER | |
| Classification number | 631.53 |
| Item number | KAY/RA |
| 100 ## - MAIN ENTRY--AUTHOR NAME | |
| Personal name | Ramachandran Nair, S . |
| 245 ## - TITLE STATEMENT | |
| Title | Kayikapravardhanam / |
| 250 ## - EDITION STATEMENT | |
| Edition statement | 1 / |
| 260 ## - PUBLICATION, DISTRIBUTION, ETC. (IMPRINT) | |
| Place of publication | Thrissur : |
| Name of publisher | Kerala Agricultural University , |
| Year of publication | 1980. |
| 300 ## - PHYSICAL DESCRIPTION | |
| Number of Pages | 146 ; . |
| 942 ## - ADDED ENTRY ELEMENTS (KOHA) | |
| Koha item type | Books |
| Withdrawn status | Lost status | Damaged status | Home library | Current library | Date acquired | Full call number | Accession Number | Koha item type |
|---|---|---|---|---|---|---|---|---|
| KAUAET | KAUAET | 07/04/2012 | 631.53 | 14094 | Books | |||
| KAUAET | KAUAET | 07/04/2012 | 631.53 | 14090 | Books | |||
| KAUAET | KAUAET | 07/04/2012 | 631.53 | 14087 | Books | |||
| KAUAET | KAUAET | 07/04/2012 | 631.53 | 14093 | Books | |||
| Withdrawn | KAUAET | KAUAET | 07/04/2012 | 631.53 | 14086 | Books | ||
| KAUAET | KAUAET | 07/04/2012 | 631.53 | 14089 | Books |
